000
00215nam a22000857a 4500
008
160823b xxu||||| |||| 00| 0 eng d
100
_9
209
_a
Ruchi Arts
245
_a
Betal Pachissi (Hindi)
260
_a
New Delhi
_b
Ruchi Arts
999
_c
2867
_d
2867